<?xml version="1.0" encoding="UTF-8"?>
<record
    xmlns:xsi="http://www.w3.org/2001/XMLSchema-instance"
    xsi:schemaLocation="http://www.loc.gov/MARC21/slim http://www.loc.gov/standards/marcxml/schema/MARC21slim.xsd"
    xmlns="http://www.loc.gov/MARC21/slim">

  <leader>00850nam a2200181   4500</leader>
  <controlfield tag="003">LK-CoMWRAF</controlfield>
  <controlfield tag="005">20231217205009.0</controlfield>
  <controlfield tag="008">231217b        |||||||| |||| 00| 0 eng d</controlfield>
  <datafield tag="040" ind1=" " ind2=" ">
    <subfield code="a">LK-CoMWRAF</subfield>
    <subfield code="d">LK-CoMWRAF</subfield>
    <subfield code="e">LK-CoMWRAF</subfield>
  </datafield>
  <datafield tag="041" ind1=" " ind2=" ">
    <subfield code="a">sin</subfield>
  </datafield>
  <datafield tag="082" ind1=" " ind2=" ">
    <subfield code="a">343</subfield>
    <subfield code="b">WAN</subfield>
  </datafield>
  <datafield tag="245" ind1=" " ind2=" ">
    <subfield code="a">19 &#xDC0;&#xDD0;&#xDB1;&#xDD2; &#xD86;&#xDAB;&#xDCA;&#xDA9;&#xDD4;&#xD9A;&#xDCA;&#x200D;&#xDBB;&#xDB8; &#xDC0;&#xDCA;&#x200D;&#xDBA;&#xDC0;&#xDC3;&#xDCA;&#xDAE;&#xDCF; &#xDC3;&#xD82;&#xDC1;&#xDDD;&#xDB0;&#xDB1;&#xDBA;&#xDD9;&#xDB1;&#xDCA; &#xDC0;&#xDBB;&#xDCA; &#xDB0;&#xDB1;&#xDBA; &#xDC0;&#xDD6; &#xDB4;&#xDD4;&#xDBB;&#xDC0;&#xDD0;&#xDC3;&#xDD2; &#xDB1;&#xDD2;&#xDAF;&#xDC4;&#xDC3; </subfield>
  </datafield>
  <datafield tag="246" ind1=" " ind2=" ">
    <subfield code="a">19 Wani andukrama wyawastha sanshodhanayen wardhanaya wuu purawasi nidahasa</subfield>
  </datafield>
  <datafield tag="260" ind1=" " ind2=" ">
    <subfield code="a">&#xD9A;&#xDDC;&#xDC5;&#xDB9; : </subfield>
    <subfield code="b">&#xDC0;&#xDD2;&#xD9A;&#xDBD;&#xDCA;&#xDB4; &#xDB4;&#xDCA;&#x200D;&#xDBB;&#xDAD;&#xDD2;&#xDB4;&#xDAD;&#xDCA;&#xDAD;&#xDD2; &#xD9A;&#xDDA;&#xDB1;&#xDCA;&#xDAF;&#xDCA;&#x200D;&#xDBB;&#xDBA;,</subfield>
  </datafield>
  <datafield tag="650" ind1=" " ind2=" ">
    <subfield code="a">19 &#xDC0;&#xDD0;&#xDB1;&#xDD2; &#xD86;&#xDAB;&#xDCA;&#xDA9;&#xDD4;&#xD9A;&#xDCA;&#x200D;&#xDBB;&#xDB8; &#xDC0;&#xDCA;&#x200D;&#xDBA;&#xDC0;&#xDC3;&#xDCA;&#xDAE;&#xDCF; &#xDC3;&#xD82;&#xDC1;&#xDDD;&#xDB0;&#xDB1;&#xDBA;</subfield>
  </datafield>
  <datafield tag="700" ind1=" " ind2=" ">
    <subfield code="a">&#xDB4;&#xDD4;&#xD82;&#xDA0;&#xDD2;&#xDC4;&#xDDA;&#xDC0;&#xDCF;, &#xD91;&#xDC3;&#xDCA;. &#xDA2;&#xDD3;.</subfield>
    <subfield code="e">ed.</subfield>
  </datafield>
  <datafield tag="942" ind1=" " ind2=" ">
    <subfield code="c">BK</subfield>
  </datafield>
  <datafield tag="952" ind1=" " ind2=" ">
    <subfield code="0">0</subfield>
    <subfield code="1">0</subfield>
    <subfield code="4">0</subfield>
    <subfield code="7">0</subfield>
    <subfield code="a">MAIN</subfield>
    <subfield code="b">MAIN</subfield>
    <subfield code="d">2023-12-17</subfield>
    <subfield code="l">0</subfield>
    <subfield code="o">343 WAN</subfield>
    <subfield code="p">RAF4895</subfield>
    <subfield code="r">2023-12-17</subfield>
    <subfield code="w">2023-12-17</subfield>
    <subfield code="y">BK</subfield>
  </datafield>
  <datafield tag="999" ind1=" " ind2=" ">
    <subfield code="c">4507</subfield>
    <subfield code="d">4507</subfield>
  </datafield>
</record>
